000 00661nam a2200157 i 4500
001 163143
003 ES-MaACL
005 20230906212701.0
008 010606s1871 sp |||| | spa d
245 0 0 _aReglamento orgánico y de contabilidad para el servicio de las oficinas de Administración Militar
_b: aprobado por Real Orden de 6 de febrero de 1871.
260 _aMadrid :
_b[s.n.],
_c1871 (
_fImp. de la Administración Militar)
300 _a76, [372] p. ;
_c30 cm.
597 _aLas [372] p. corresponden a 123 formularios.
650 4 _aAdministración militar-
_zEspaña.
_9164825
852 _aES-MaACL
_jB-1148
_z- Enc. hol.
_z- Donativo de San Jurjo
999 _c163143
_d163143